[Event "Gibraltar Open"]
[Site "Caleta ENG"]
[Date "2012.02.02"]
[Round "10.115"]
[White "Zachariassen, John"]
[Black "Riiser, Samuel"]
[Result "0-1"]
[WhiteElo "1949"]
[BlackElo "1827"]
[WhiteFideId "1405535"]
[BlackFideId "1509470"]
[EventDate "2012.01.24"]

1. c4 e5 2. g3 g6 3. Bg2 Bg7 4. Nc3 Nc6 5. d3 Nge7 6. Nf3 O-O 7. O-O f5 8. Bd2
h6 9. Rb1 g5 10. b4 Ng6 11. b5 Nce7 12. a4 d6 13. Qc1 f4 14. Ne4 Be6 15. Nfxg5
hxg5 16. Nxg5 Bg4 17. Re1 Bh6 18. Ne4 Qc8 19. a5 Bh3 20. Bh1 Rb8 21. b6 axb6 22.
axb6 Nf5 23. Qc3 c6 24. Qb2 fxg3 25. hxg3 Qe6 26. Bxh6 Nxh6 27. Qd2 Nf7 28. Ra1
Kg7 29. Ra7 Qf5 30. d4 d5 31. cxd5 cxd5 32. Nc5 Nd6 33. dxe5 0-1

[Event "Gibraltar Open"]
[Site "Caleta ENG"]
[Date "2012.02.02"]
[Round "10.117"]
[White "Rough, Robert E"]
[Black "Lundback, Karl"]
[Result "0-1"]
[WhiteElo "1762"]
[BlackElo "1907"]
[WhiteFideId "2403030"]
[BlackFideId "1716026"]
[EventDate "2012.01.24"]

1. c4 c5 2. g3 Nc6 3. Bg2 Nf6 4. Nc3 g6 5. e4 Bg7 6. Nge2 O-O 7. d3 d6 8. O-O a6
9. f4 Rb8 10. a4 Bd7 11. d4 cxd4 12. Nxd4 Qb6 13. Be3 Ng4 14. Nd5 Qxb2 15. Nxc6
bxc6 16. Nxe7+ Kh8 17. Rb1 Qxg2+ 18. Kxg2 Nxe3+ 19. Kf3 Nxd1 20. Rbxd1 0-1

[Event "Gibraltar Open"]
[Site "Caleta ENG"]
[Date "2012.02.02"]
[Round "10.120"]
[White "Savage, Neil"]
[Black "Gallach Perez, Yago"]
[Result "0-1"]
[WhiteElo "1645"]
[BlackElo "1843"]
[WhiteFideId "14304783"]
[BlackFideId "2237598"]
[EventDate "2012.01.24"]

1. e4 e5 2. Nf3 Nc6 3. Bb5 Bc5 4. c3 Qf6 5. d4 Bb6 6. O-O h6 7. Bxc6 dxc6 8.
Nxe5 Ne7 9. Qd3 O-O 10. Be3 Qh4 11. Nd2 Be6 12. f4 f5 13. Ndf3 Qh5 14. Nc4 fxe4
15. Qxe4 Bxc4 16. Qxe7 Rae8 17. Qb4 Bxf1 18. Ne5 Rxe5 19. Qb3+ Kh8 0-1